Statistiken für Welche Stadt in den USA?

Klicken Sie hier um das Quiz zu spielen!

Allgemein

  • Dieses Quiz wurde 283 mal gespielt
  • Das Durchschnittsergebnis liegt bei 14 aus 29

Antwortstatistiken

BeschreibungCity% Korrekt
Sein Flughafen-Code ist LAXLLos Angeles
99%
Ort einer "Tea Party" im Jahre 1773BBoston
85%
Hat über eine Million Menschen seit 1950 verlorenDDetroit
84%
Wo die Seahawks spielenSSeattle
84%
"The Windy City"CChicago
81%
Hat die meisten KubanoamerikanerMMiami
79%
"Sin City" (Stadt der Sünde)LLas Vegas
77%
"The City by the Bay"SSan Francisco
74%
Flughafen mit dem größten PassagieraufkommenAAtlanta
74%
Ort der FreiheitsglockePPhiladelphia
69%
Diese Stadt wurde von Hurrikan Harvey verwüstetHHouston
57%
Gastgeberstadt der Olympischen Winterspiele 2002SSalt Lake City
55%
Berühmtes Skiresort in ColoradoAAspen
53%
Größte Stadt in New MexicoAAlbuquerque
51%
Auf der anderen Seite der Grenze von Ciudad JuárezEEl Paso
48%
Edgar Allan Poe lebte hierBBaltimore
42%
Bevölkerungsreichste Stadt, deren Name mit "Fort" beginntFFort Worth
41%
Auf sein "federal building" wurde 1995 ein Anschlag verübtOOklahoma City
40%
Hauptstadt des Staates mit der tiefsten BevölkerungCCheyenne
37%
"The Gateway to the West"SSt. Louis
26%
Kleinste amerikanische Stadt mit einem NFL-TeamGGreen Bay
23%
Hauptstadt der Amerikanischen JungferninselnC{Charlotte} Amalie
17%
Größte Stadt an den Ufern des Oberen SeesDDuluth
14%
Größte Stadt auf Hawaii (Big Island)HHilo
11%
Stadt in Wyoming, die nach Buffalo Bill benannt wurdeCCody
10%
Elvis wurde hier geborenTTupelo
9%
Größte Stadt der Nördlichen MarianenSSaipan
8%
Stadt nahe dem Acadia-NationalparkBBar Harbor
7%
Diese Geisterstadt in "Zentral"-Pennsylvania
hat seit 1962 einen laufenden Kohlebrand
CCentralia
6%

Verteilung der Resultate

Perzentil nach korrekt beantworteten Fragen

Anzahl Personen mit jedem Resultat

Ihre Resultats-Entwicklung

Sie haben dieses Quiz noch nicht gespielt